000 00749cam a2200277 4500
008 090401t1988 xxu||||| |||| 00| 0 eng d
020 _a0854063986
035 _a(Sirsi) u47497
041 _aeng
050 _a692.5
_c18
090 _aRICS 1988/46ABCD
100 _aKelly, John
245 2 _aA study of value management and quantity surveying practice
260 _aLondon
_bSurveyors Publications
_c1988
300 _a53p.
_c30cm.
350 _a3.5
490 _aRICS Guidance Note
520 _aWithdrawn 1 August 2006
650 _aVALUE ENGINEERING
650 _aVALUE MANAGEMENT
651 _aEngland and Wales
_y1543-
690 _aQuantity surveying
_96263
700 _aMale, Stephen
942 _n0
948 _c04/03/1997
999 _c92138
_d92138